Espacio público, ¿espacio de todos?: reflexiones desde la ciudad de México /

保存先:
書誌詳細
第一著者: Ramírez Kuri, Patricia
フォーマット: テキスト
タグ: タグ追加
タグなし, このレコードへの初めてのタグを付けませんか!

MARC

LEADER 00000 a a2200000 04500
001 48650
003
040
100 |a Ramírez Kuri, Patricia  
245 |a Espacio público, ¿espacio de todos?:   |b reflexiones desde la ciudad de México /  |c Patricia Ramírez Kuri  
773 |g volumen77, número1, (2015), páginas 7-36  
999 |c 23794  |d 23794